Criticism: The major texts
Colección de lecturas importantes de la crítica literaria a partir de la antigüedad clásica, desde Aristóteles hasta la época anterior a la teoría del siglo XX. Ofrece una selección de lecturas de crítica literaria de textos completos, incluidos desde el humanismo clásico hasta las tradiciones renac...
Guardat en:
| Autor principal: | |
|---|---|
| Format: | Llibre |
| Idioma: | Undetermined |
| Publicat: |
[Estados Unidos]
Arcourt Brace Jovanovich
1970
|
| Matèries: | |
| Etiquetes: |
Afegir etiqueta
Sense etiquetes, Sigues el primer a etiquetar aquest registre!
|
MARC
| LEADER | 00000nam a2200000Ia 4500 | ||
|---|---|---|---|
| 008 | 170316s9999 xx 000 0 und d | ||
| 040 | |a cru BVZT | ||
| 090 | |a 810 B-6c | ||
| 100 | |a Bate, Walter Jackson |9 778 | ||
| 245 | |a Criticism: The major texts |c / Walter Jackson Bate | ||
| 260 | |a [Estados Unidos] |b Arcourt Brace Jovanovich |c 1970 | ||
| 300 | |a 719 páginas | ||
| 520 | |a Colección de lecturas importantes de la crítica literaria a partir de la antigüedad clásica, desde Aristóteles hasta la época anterior a la teoría del siglo XX. Ofrece una selección de lecturas de crítica literaria de textos completos, incluidos desde el humanismo clásico hasta las tradiciones renacentista, neoclásica y romántica. | ||
| 650 | |a LITERATURA ESTADOUNIDENSE |9 25 | ||
| 650 | |a EN IDIOMA INGLÉS |9 129 | ||
| 650 | |a CRÍTICA LITERARIA |9 189 | ||
| 999 | |c 5467 |d 5467 | ||
| 942 | |c 15 D |h 810 B-6c |2 z | ||
